'N' Foods by Picture Quiz Stats

 Plays Quiz not verified by Sporcle

Also try: 'M' Food Pictures
Challenge
Share
Tweet
Score 0/10 Timer 04:00
0 Plays Today
Column Food % Correct
Column 2Nachos
97%
Column 1Nectarine
90.4%
Column 3Neapolitan Ice Cream
71.9%
Column 4Nutmeg
66.4%
Column 3Nougat
45.1%
Column 5Naan Bread
42.8%
Column 5Niçoise Salad
26.2%
Column 4Navy Beans
20%
Column 2Nopal
10.9%
Column 1Neufchâtel Cheese
8.9%

You're not logged in!

Compare scores with friends on all Sporcle quizzes.
OR
Log In

You Might Also Like...

Show Comments

Extras

Top Quizzes Today


Score Distribution

Your Account Isn't Verified!

In order to create a playlist on Sporcle, you need to verify the email address you used during registration. Go to your Sporcle Settings to finish the process.

Report this User

Report this user for behavior that violates our Community Guidelines.

Details: